Science by Letter - B - Statistics

General Stats
  • This quiz has been taken 2,603 times
  • The average score is 12 of 20
Answer Stats
Hint Answer % Correct
We have 206 of these Bones
98%
Most important organ Brain
97%
The science of life, or living matter Biology
95%
Theory of how the universe expanded Big Bang
94%
The Human ____ Body
85%
Used to measure air pressure Barometer
84%
Boron
83%
Opposite of 'Acidic' Basic
82%
One-celled decomposing organism Bacteria
66%
Tending to float in a fluid Buoyant
59%
Beryllium
58%
Elements that start with 'B' Barium
53%
A type of igneous rock Basalt
47%
Bromine
46%
An area suited for certain organisms Biome
41%
Bismuth
33%
To produce offspring by mating Breed
29%
Bohrium
18%
Berkelium
16%
A detailed method of execution Blueprint
3%
No matching quizzes found
Score Distribution
Percent of People with Each Score
Percentile by Number Answered
Your Score History
You have not taken this quiz